| 000 | 01248nam a2200301 4500 | ||
|---|---|---|---|
| 001 | 0000021787 | ||
| 003 | CO-CtgCURN | ||
| 005 | 20250331185257.0 | ||
| 007 | ta | ||
| 008 | 160627s2007 000 0 eng d | ||
| 020 | _a9586484599 | ||
| 040 |
_aCO-CtgCURN _bspa _ccoctgcurn |
||
| 082 | 0 |
_a658.45 _bC741 |
|
| 245 | 0 | 0 |
_aComunicación empresarial : _bplan estrategico como herramienta gerencial / _cAdriana Patricia Guzmán de Reyes ... [et al.]. |
| 260 |
_aBogotá : _bEcoe Ediciones, _c2007. |
||
| 300 | _axiv, 227 p. | ||
| 336 | _2rdacontent | ||
| 337 |
_2rdamedia _asin mediacion _bn |
||
| 338 |
_2rdacarrier _avolumen _bnc |
||
| 490 | 1 | _aTextos universitarios. Administración | |
| 504 | _aBibliografia (p. 225-227) | ||
| 505 | 8 | _aEl comunicador y la organizacion.--Humanizar la comunicación.--El plan no es la estrategia y otros conceptos fundamentales.--Ejecucion del plan estrategico de comunicaciones de la planeacion a la Acción con exito.--Análisis estrategico del entorno competitivo | |
| 650 | 1 | 4 | _aComunicación en Administración. |
| 700 | 1 | _aGuzmán de Reyes, Adriana Patricia. | |
| 908 | _a160627 | ||
| 942 |
_cBK _h658.45 _iC741 _2ddc |
||
| 999 |
_c25045 _d25045 |
||